[Event "FRA T IV 09-10"]
[Site "Champagne Ardennes"]
[Date "2010.03.14"]
[Round "6"]
[White "Fister, Bernard"]
[Black "Dhaussy, Adrien"]
[Result "1/2-1/2"]
[WhiteElo "1760"]
[BlackElo "1875"]
[PlyCount "82"]
[EventDate "2009.11.26"]
[EventType "match"]
[EventCountry "FRA"]

1. f4 c5 2. Nf3 d5 3. e3 e6 4. b3 Bd6 5. Bb2 f6 6. Be2 Ne7 7. O-O O-O 8. c4
Nbc6 9. Na3 a6 10. Nc2 e5 11. cxd5 Nxd5 12. Bc4 Be6 13. fxe5 fxe5 14. e4 Nf4
15. Bxe6+ Nxe6 16. Ne3 Qe8 17. Nc4 Bc7 18. Nfxe5 Nxe5 19. Nxe5 Nd4 20. Rxf8+
Qxf8 21. Bxd4 cxd4 22. Nf3 d3 23. Qf1 Rd8 24. Rc1 Qf4 25. Re1 Ba5 26. g3 Qh6
27. Rd1 Qg6 28. e5 Rf8 29. Qg2 Qg4 30. Rf1 Bc7 31. Ne1 Bb6+ 32. Kh1 Rxf1+ 33.
Qxf1 Qe4+ 34. Nf3 Qe2 35. Qxe2 dxe2 36. Kg2 Bd4 37. d3 h5 38. e6 Kf8 39. Ne1 g5
40. Kf3 Bg1 41. h3 Ke7 1/2-1/2

[Event "Champ Rhone principal"]
[Site "Oulins"]
[Date "2008.01.12"]
[Round "5"]
[White "Gueriche, Guillaume"]
[Black "Rodriguez, Jean Pierre"]
[Result "0-1"]
[WhiteElo "1828"]
[BlackElo "1970"]
[PlyCount "92"]
[EventDate "2008.??.??"]
[EventType "schev"]
[EventRounds "3"]
[EventCountry "FRA"]

1. d4 Nf6 2. c4 e6 3. a3 d5 4. Nc3 c6 5. e3 Bd6 6. Nf3 Nbd7 7. Bd3 O-O 8. Bd2
Re8 9. O-O e5 10. dxe5 Nxe5 11. Nxe5 Bxe5 12. cxd5 cxd5 13. h3 d4 14. exd4 Qxd4
15. Qf3 Be6 16. Rad1 Bb3 17. Be3 Bxd1 18. Rxd1 Qh4 19. g4 h6 20. Qg2 Nh7 21.
Bc4 Ng5 22. Bxg5 Qxg5 23. Qxb7 Qf4 24. Qe4 Qh2+ 25. Kf1 Qxh3+ 26. Qg2 Qxg2+ 27.
Kxg2 Rac8 28. Ba6 Rb8 29. Bb5 Rec8 30. Bd7 Rc7 31. Nd5 Rxd7 32. Nf6+ Bxf6 33.
Rxd7 a5 34. Rd5 Rxb2 35. Rxa5 Bd4 36. Rf5 Ra2 37. Rf4 Bc5 38. a4 g5 39. Rf5 Bb4
40. a5 Bxa5 41. Rf6 Be1 42. Rxh6 Bxf2 43. Kf3 Bh4 44. Rd6 Rf2+ 45. Ke3 Rf4 46.
Rd4 Bf2+ 0-1

[Event "Champ Rhone principal"]
[Site "Oulins"]
[Date "2008.01.12"]
[Round "5"]
[White "L'Hermitte, Benjamin"]
[Black "Chagny, Pierre"]
[Result "0-1"]
[WhiteElo "1991"]
[BlackElo "2054"]
[PlyCount "232"]
[EventDate "2008.??.??"]
[EventType "schev"]
[EventRounds "3"]
[EventCountry "FRA"]

1. e4 c5 2. Nf3 e6 3. d4 cxd4 4. Nxd4 a6 5. Bd3 Bc5 6. Be3 Qb6 7. c3 Nc6 8. Qb3
Qxb3 9. axb3 Nxd4 10. cxd4 Bb4+ 11. Nc3 d6 12. O-O Bd7 13. Rfc1 Rc8 14. Na4 Ne7
15. Nb6 Rxc1+ 16. Rxc1 d5 17. Rc7 Bc6 18. exd5 exd5 19. Bf4 O-O 20. Nd7 Re8 21.
Nc5 Ng6 22. Be3 Ba5 23. Rxb7 Bxb7 24. Nxb7 Bb6 25. b4 Ra8 26. Nc5 a5 27. Na4
Bc7 28. b5 Rb8 29. Bd2 Nf4 30. Bf1 Ne6 31. Bc3 Kf8 32. Nc5 Ke7 33. g3 Bb6 34.
b4 a4 35. f4 a3 36. f5 Nc7 37. Na6 Rc8 38. Nc5 a2 39. Bd3 Kd6 40. Kf2 h6 41.
Ke2 Ra8 42. Na6 g6 43. Kd2 gxf5 44. Kc2 f4 45. Kb2 a1=Q+ 46. Kxa1 fxg3 47. hxg3
Ne6 48. Kb1 Nxd4 49. Bd2 h5 50. Bf4+ Kd7 51. Nc5+ Ke7 52. Kb2 Ne6 53. Be3 d4
54. Nxe6 fxe6 55. Bf4 Kf6 56. Bd6 Rc8 57. Be2 e5 58. Bxh5 e4 59. Bg4 Rc3 60.
Be2 Rf3 61. Bc5 Rf2 62. Bxb6 Rxe2+ 63. Kb3 d3 64. Bd8+ Ke6 65. b6 d2 66. Kc2
Re3 67. Bg5 Rd3 68. Bxd2 Kd7 69. b7 Kc7 70. b8=Q+ Kxb8 71. g4 Kb7 72. g5 Rg3
73. Bf4 Rg4 74. Be3 Kc6 75. b5+ Kxb5 76. Kc3 Kc6 77. Kd4 Kd6 78. g6 Ke6 79. g7
Kf5 80. Bh6 Rg6 81. Ke3 Ke5 82. Bf4+ Kd5 83. Bh6 Ke5 84. Bf4+ Kf5 85. Bh6 Rg3+
86. Kf2 Rg6 87. Ke3 Ke5 88. Bf4+ Kd5 89. Bh6 Rg4 90. Kf2 Kd4 91. Ke2 Ke5 92.
Kf2 Ke6 93. Ke3 Kf7 94. g8=Q+ Kxg8 95. Bf4 Kf7 96. Kxe4 Ke6 97. Kf3 Kf5 98. Bb8
Rb4 99. Bc7 Rb3+ 100. Ke2 Ke4 101. Kf2 Rf3+ 102. Kg2 Ke3 103. Bb6+ Ke2 104. Bc7
Rf7 105. Be5 Rf5 106. Bc3 Rg5+ 107. Kh3 Kf3 108. Kh4 Rg4+ 109. Kh5 Kf4 110. Bb4
Kf5 111. Bc5 Rc4 112. Bb6 Rb4 113. Bc5 Rb5 114. Be7 Rb7 115. Bf8 Rh7+ 116. Bh6
Rh8 0-1

[Event "Champ Rhone principal"]
[Site "Oulins"]
[Date "2008.01.26"]
[Round "6"]
[White "L'Hermitte, Emmanuel"]
[Black "L'Hermitte, Benjamin"]
[Result "1-0"]
[WhiteElo "2030"]
[BlackElo "1991"]
[PlyCount "32"]
[EventDate "2008.??.??"]
[EventType "schev"]
[EventRounds "3"]
[EventCountry "FRA"]

1. d4 d5 2. c4 e6 3. Nc3 Nf6 4. Nf3 c6 5. Bg5 Nbd7 6. e3 Be7 7. Bd3 dxc4 8.
Bxc4 b5 9. Bd3 Bb7 10. a3 Rc8 11. O-O O-O 12. e4 a5 13. e5 Nd5 14. Bxe7 Nxc3
15. Bxh7+ Kxh7 16. Qd3+ Ne4 1-0

[Event "Champ Rhone principal"]
[Site "Oulins"]
[Date "2008.02.09"]
[Round "7"]
[White "Darrington, Tim"]
[Black "Thon, Gabriel"]
[Result "0-1"]
[WhiteElo "1900"]
[BlackElo "1932"]
[PlyCount "70"]
[EventDate "2008.??.??"]
[EventType "schev"]
[EventRounds "3"]
[EventCountry "FRA"]

1. f4 d5 2. Nf3 Nf6 3. b3 c5 4. e3 g6 5. Bb2 Bg7 6. c4 e6 7. Qc2 b6 8. Be2 Nc6
9. cxd5 exd5 10. Bb5 Bd7 11. a3 O-O 12. O-O Nb4 13. axb4 Bxb5 14. bxc5 Bxf1 15.
Kxf1 bxc5 16. Qxc5 Ne4 17. Qa3 Qb6 18. Bxg7 Kxg7 19. Qb2+ f6 20. Nc3 Nxc3 21.
Qxc3 Qb5+ 22. d3 Rfc8 23. Qd4 a5 24. g4 Qxb3 25. g5 Qc3 26. gxf6+ Kf8 27. Qxc3
Rxc3 28. Ne5 Ra6 29. h4 a4 30. Ra2 a3 31. Ke1 Ra7 32. Kd2 Rb3 33. Kc2 Rb6 34.
f7 Rc7+ 35. Kd1 Rb1+ 0-1

[Event "Champ Rhone principal"]
[Site "Oulins"]
[Date "2008.02.09"]
[Round "7"]
[White "Gueriche, Guillaume"]
[Black "Chagny, Pierre"]
[Result "1-0"]
[WhiteElo "1828"]
[BlackElo "2054"]
[PlyCount "61"]
[EventDate "2008.??.??"]
[EventType "schev"]
[EventRounds "3"]
[EventCountry "FRA"]

1. d4 Nf6 2. c4 g6 3. Nc3 d5 4. cxd5 Nxd5 5. e4 Nxc3 6. bxc3 Bg7 7. Bc4 O-O 8.
Ne2 c5 9. O-O Nc6 10. Be3 Na5 11. Bd3 c4 12. Bc2 e5 13. d5 f5 14. f3 b6 15. f4
fxe4 16. Bxe4 Bf5 17. Bxf5 Rxf5 18. Ng3 Rf7 19. f5 Rd7 20. Qg4 Rd6 21. Ne4 gxf5
22. Qxf5 Rg6 23. Ng5 Qxd5 24. Rad1 Qc6 25. Qf7+ Kh8 26. Rd7 Rg8 27. Qxg8+ Kxg8
28. Rd8+ Bf8 29. Rdxf8+ Kg7 30. R1f7+ Kh6 31. Rxh7# {(jolie combinaison)} 1-0

[Event "Champ Rhone principal"]
[Site "Oulins"]
[Date "2008.03.08"]
[Round "8"]
[White "L'Hermitte, Benjamin"]
[Black "Meunier, Clement"]
[Result "0-1"]
[WhiteElo "1991"]
[BlackElo "1847"]
[PlyCount "82"]
[EventDate "2008.??.??"]
[EventType "schev"]
[EventRounds "3"]
[EventCountry "FRA"]

1. e4 c6 2. d4 d5 3. exd5 cxd5 4. Bd3 Nf6 5. c3 Nc6 6. Bf4 g6 7. Nd2 Bg7 8.
Ngf3 O-O 9. O-O Nh5 10. Bg5 Qc7 11. Qb3 Be6 12. Rad1 Qd7 13. Qc2 Rac8 14. Qb1
h6 15. Bh4 Nf4 16. Bc2 Bh3 17. Bg3 Nxg2 18. Rc1 Qg4 19. Ne5 Nxe5 20. dxe5 Nf4
21. Bd1 Ne2+ 22. Kh1 Nxg3+ 23. fxg3 Qd7 24. Re1 Bf5 25. Bc2 Bxc2 26. Qxc2 e6
27. Qd3 Rfd8 28. Nf3 Qc7 29. Kg2 a6 30. b3 Qa5 31. Re2 Bf8 32. Nh4 Kg7 33. Rf2
Qb5 34. c4 Qc6 35. Rxf7+ Kxf7 36. Rf1+ Ke8 37. Kh3 Kd7 38. Rf7+ Be7 39. Qxg6
Re8 40. Nf3 dxc4 41. Nd4 Qd5 0-1

[Event "Champ Rhone principal"]
[Site "Oulins"]
[Date "2008.03.08"]
[Round "8"]
[White "Thon, Gabriel"]
[Black "Cau, Benjamin"]
[Result "0-1"]
[WhiteElo "1932"]
[BlackElo "2125"]
[PlyCount "52"]
[EventDate "2008.??.??"]
[EventType "schev"]
[EventRounds "3"]
[EventCountry "FRA"]

1. e4 c6 2. d4 d5 3. e5 Bf5 4. Nc3 a6 5. Nce2 e6 6. Ng3 Bg6 7. h4 f6 8. f4 c5
9. Nf3 Nc6 10. c3 Qb6 11. Ne2 Nh6 12. g3 cxd4 13. cxd4 Be4 14. Bg2 fxe5 15.
fxe5 Bb4+ 16. Kf1 O-O 17. Bf4 Ng4 18. Qb3 Na5 19. Qa4 Nc4 20. Qb3 Rxf4 21. gxf4
Bxf3 22. Qxf3 Nd2+ 23. Kg1 Nxf3+ 24. Bxf3 Ne3 25. Kf2 Nf5 26. Rhd1 Rc8 0-1

[Event "Champ Rhone principal"]
[Site "Oulins"]
[Date "2008.03.15"]
[Round "9"]
[White "Rodriguez, Jean Pierre"]
[Black "Thon, Gabriel"]
[Result "0-1"]
[WhiteElo "1970"]
[BlackElo "1932"]
[PlyCount "84"]
[EventDate "2008.??.??"]
[EventType "schev"]
[EventRounds "3"]
[EventCountry "FRA"]

1. c4 e5 2. g3 Nc6 3. Bg2 f5 4. Nc3 Nf6 5. e3 Bc5 6. Nge2 d6 7. O-O O-O 8. d4
Bb4 9. Bd2 Ne7 10. a3 Bxc3 11. Nxc3 c6 12. Rc1 Be6 13. Qe2 Qe8 14. dxe5 dxe5
15. e4 Qf7 16. b3 Rad8 17. Rfd1 fxe4 18. Nxe4 Nxe4 19. Bxe4 Bg4 20. f3 Bxf3 21.
Bxf3 Qxf3 22. Qxf3 Rxf3 23. Bg5 Rxd1+ 24. Rxd1 Nf5 25. Re1 Rxb3 26. Rxe5 Nd4
27. Kf2 Nf3 28. Re3 Rxe3 29. Bxe3 Ne5 30. c5 Ng4+ 31. Kf3 Nxe3 32. Kxe3 Kf7 33.
Kf4 Ke6 34. Ke4 b5 35. cxb6 axb6 36. h3 b5 37. Kd4 Kd6 38. g4 c5+ 39. Ke4 b4
40. axb4 cxb4 41. h4 b3 42. Kd3 Ke5 0-1

[Event "Champ de Mars"]
[Site "Paris"]
[Date "2008.??.??"]
[Round "?"]
[White "Guichard, Pauline"]
[Black "Reizniece, Dana"]
[Result "0-1"]
[WhiteElo "2280"]
[BlackElo "2320"]
[PlyCount "145"]
[EventDate "2008.??.??"]
[EventType "swiss"]
[EventCountry "FRA"]

1. d4 Nf6 2. c4 g6 3. Nc3 Bg7 4. e4 d6 5. Be2 O-O 6. h3 e5 7. Nf3 Nc6 8. d5 Ne7
9. Be3 c6 10. Qd2 cxd5 11. cxd5 Nh5 12. g4 Nf4 13. Bxf4 exf4 14. Qxf4 a6 15.
Rd1 b5 16. e5 dxe5 17. Nxe5 b4 18. Na4 Nxd5 19. Qe4 Be6 20. Nc5 Qa5 21. Nxe6
b3+ 22. Kf1 fxe6 23. Nc4 Qc5 24. f3 bxa2 25. Ra1 Nb4 26. Kg2 Rae8 27. Rhc1 Qd5
28. Qe3 a5 29. Rd1 Qa8 30. Qb3 Kh8 31. Nb6 Qa7 32. Nc4 e5 33. Nd2 Rd8 34. Ne4
Rd4 35. Qa3 Rfd8 36. Rxd4 exd4 37. Bd3 Qc7 38. Qb3 Qf4 39. Re1 h5 40. Be2 h4
41. Qa4 Qe5 42. Rc1 d3 43. Bf1 d2 44. Rd1 Qc7 45. Qb5 a1=Q 46. Rxa1 d1=Q 47.
Rxd1 Rxd1 48. Qg5 Rd8 49. Qxh4+ Kg8 50. Qg5 Qc2+ 51. Kg3 Qc7+ 52. f4 Kf8 53.
Qxg6 Qf7 54. Qb6 Re8 55. Nd6 Qe6 56. Qc5 Qe3+ 57. Qxe3 Rxe3+ 58. Kh4 Re1 59.
Bc4 Bxb2 60. f5 a4 61. g5 a3 62. g6 Bf6+ 63. Kh5 a2 64. Bxa2 Nxa2 65. h4 Nb4
66. Nb7 Nd5 67. Nc5 Rh1 68. Ne6+ Kg8 69. Ng5 Ne7 70. Kg4 Rg1+ 71. Kf4 Nd5+ 72.
Ke4 Bxg5 73. g7 0-1

[Event "Champ de Mars"]
[Site "Paris"]
[Date "2008.??.??"]
[Round "?"]
[White "Milliet, Sophie"]
[Black "Guichard, Pauline"]
[Result "0-1"]
[WhiteElo "2360"]
[BlackElo "2280"]
[PlyCount "89"]
[EventDate "2008.??.??"]
[EventType "swiss"]
[EventCountry "FRA"]

1. e4 c5 2. Nc3 e6 3. Nf3 a6 4. d4 cxd4 5. Nxd4 Nc6 6. Be2 Qc7 7. O-O Nxd4 8.
Qxd4 Nf6 9. e5 Bc5 10. Qf4 Ng8 11. Ne4 Nh6 12. Nxc5 Qxc5 13. Bd3 Ng8 14. Qg3
Ne7 15. Re1 Ng6 16. a4 b6 17. b3 Bb7 18. Ba3 Qd4 19. Rad1 Qh4 20. Bxg6 hxg6 21.
Qxh4 Rxh4 22. Rd6 b5 23. Red1 Bc6 24. a5 Re4 25. Bb2 Re2 26. R6d2 Rxd2 27. Rxd2
Rc8 28. Bd4 Bd5 29. f3 Ke7 30. b4 f6 31. Bc5+ Kf7 32. f4 g5 33. g3 gxf4 34.
gxf4 Kg6 35. Kf2 Kf5 36. Re2 Rh8 37. Kg3 Rh6 38. exf6 gxf6 39. Bd6 Rg6+ 40. Kf2
Rg2+ 41. Ke3 Rg1 42. Kd4 Bc4 43. Rd2 Bd5 44. Kc5 Ke4 45. Kb6 0-1

[Event "Champ de Mars"]
[Site "Paris"]
[Date "2008.??.??"]
[Round "?"]
[White "Milliet, Sophie"]
[Black "Rudolf, Anna"]
[Result "1-0"]
[WhiteElo "2360"]
[BlackElo "2250"]
[PlyCount "73"]
[EventDate "2008.??.??"]
[EventType "swiss"]
[EventCountry "FRA"]

1. e4 e6 2. d4 d5 3. Nc3 Nf6 4. e5 Nfd7 5. f4 c5 6. Nf3 Nc6 7. Be3 b6 8. Qd2
Be7 9. Be2 O-O 10. O-O-O c4 11. f5 b5 12. fxe6 fxe6 13. Nxb5 Rb8 14. Nd6 Bxd6
15. exd6 Nf6 16. c3 Ne4 17. Qc2 Qxd6 18. Ng5 Nxg5 19. Bxg5 Bd7 20. g3 Rb7 21.
Bf4 Qe7 22. h4 e5 23. dxe5 Bf5 24. Qa4 Rfb8 25. Rxd5 Rxb2 26. Bxc4 Kh8 27. Bb3
Rb1+ 28. Kd2 Rxh1 29. Qxc6 Rh2+ 30. Ke3 h6 31. e6 Qa3 32. Bxb8 Qc1+ 33. Kd4
Qd2+ 34. Kc4 Qe2+ 35. Kc5 Rf2 36. Be5 Bg6 37. Qd7 1-0

[Event "Champ de Mars"]
[Site "Paris"]
[Date "2008.??.??"]
[Round "?"]
[White "Reizniece, Dana"]
[Black "Guichard, Pauline"]
[Result "1/2-1/2"]
[WhiteElo "2320"]
[BlackElo "2280"]
[PlyCount "90"]
[EventDate "2008.??.??"]
[EventType "swiss"]
[EventCountry "FRA"]

1. c4 e5 2. Nc3 Bb4 3. Nd5 Bd6 4. g3 c6 5. Nc3 Bc7 6. Bg2 d6 7. d4 Nf6 8. d5
cxd5 9. cxd5 O-O 10. Nf3 Bg4 11. h3 Bxf3 12. Bxf3 Qd7 13. Bg2 Ba5 14. Bd2 Na6
15. O-O Nc7 16. a3 Bxc3 17. Bxc3 Qb5 18. e4 Qb6 19. b4 Nb5 20. Bb2 Rac8 21. Qd3
a6 22. Kh2 Qc7 23. Rac1 Qe7 24. f4 Rxc1 25. Rxc1 exf4 26. gxf4 Nh5 27. Qf3 Qh4
28. a4 Na7 29. Bd4 Nc8 30. Be3 Ne7 31. Qg4 Qxg4 32. hxg4 Nf6 33. Bf3 Rc8 34.
Rxc8+ Nxc8 35. g5 Ne8 36. Bb6 Kf8 37. Bd8 Ne7 38. Kg3 f6 39. Bg4 fxg5 40. fxg5
h6 41. gxh6 gxh6 42. Kh4 Nf6 43. Bxe7+ Kxe7 44. Bc8 b5 45. axb5 axb5 1/2-1/2

[Event "Champ de Mars"]
[Site "Paris"]
[Date "2008.??.??"]
[Round "?"]
[White "Reizniece, Dana"]
[Black "Milliet, Sophie"]
[Result "1/2-1/2"]
[WhiteElo "2320"]
[BlackElo "2360"]
[PlyCount "132"]
[EventDate "2008.??.??"]
[EventType "swiss"]
[EventCountry "FRA"]

1. c4 e5 2. Nc3 Nf6 3. g3 d5 4. cxd5 Nxd5 5. Bg2 Nb6 6. Nf3 Nc6 7. O-O Be7 8.
a3 Be6 9. b4 O-O 10. Bb2 f6 11. d3 a5 12. b5 Nd4 13. Nxd4 exd4 14. Ne4 f5 15.
Nd2 Bd5 16. Bxd5+ Qxd5 17. Qb3 Bf6 18. Rac1 a4 19. Qxd5+ Nxd5 20. Nf3 Nc3 21.
Bxc3 dxc3 22. d4 Ra5 23. Rxc3 Rxb5 24. Rxc7 Rb3 25. Ra1 Re8 26. e3 Be7 27. Nd2
Rd3 28. Nc4 Rc3 29. Rb1 Bxa3 30. Rbxb7 Bf8 31. Ra7 a3 32. d5 Rd8 33. d6 Rc1+
34. Kg2 a2 35. Rxa2 Bxd6 36. Rc6 Bf8 37. Ne5 Rxc6 38. Nxc6 Rc8 39. Nd4 g6 40.
Ra7 Bc5 41. Rd7 Bxd4 42. Rxd4 Kg7 43. h4 Rc2 44. Kf3 h6 45. e4 fxe4+ 46. Rxe4
Kf6 47. Re6+ Kg7 48. Re2 h5 49. Re3 Rc3 50. Rd3 Rc2 51. Ke3 Ra2 52. f3 Rg2 53.
Kf4 Ra2 54. Re3 Ra4+ 55. Re4 Ra5 56. g4 hxg4 57. fxg4 Ra1 58. Rb4 Ra7 59. g5
Rc7 60. Kg4 Ra7 61. h5 gxh5+ 62. Kxh5 Ra6 63. Rb7+ Kg8 64. g6 Ra1 65. Rb4 Rh1+
66. Kg5 Rg1+ 1/2-1/2

[Event "Champ de Mars"]
[Site "Paris"]
[Date "2008.??.??"]
[Round "?"]
[White "Reizniece, Dana"]
[Black "Milliet, Sophie"]
[Result "1-0"]
[WhiteElo "2320"]
[BlackElo "2360"]
[PlyCount "109"]
[EventDate "2008.??.??"]
[EventType "swiss"]
[EventCountry "FRA"]

1. Nf3 d5 2. c4 c6 3. Qc2 Nf6 4. g3 g6 5. Bg2 Bg7 6. O-O O-O 7. d3 Bg4 8. h3
Bxf3 9. Bxf3 Nbd7 10. Bg2 e5 11. cxd5 cxd5 12. Nc3 Rc8 13. Qd1 d4 14. Nb5 Qb6
15. a4 a6 16. Na3 Qc7 17. b4 Nb6 18. Bd2 Nbd5 19. Rc1 Qd7 20. Qb3 b5 21. axb5
axb5 22. Rc5 Rxc5 23. bxc5 Rb8 24. Rc1 b4 25. Nc4 Qc7 26. c6 Nc3 27. Kf1 e4 28.
Bf4 Qc8 29. dxe4 Nfxe4 30. Bxe4 Nxe4 31. Rb1 Qc7 32. Qxb4 Qxc6 33. Qb5 Qxc4 34.
Qe8+ Bf8 35. Qxe4 Qc5 36. Rd1 Bg7 37. Qe8+ Qf8 38. Qxf8+ Kxf8 39. Kg2 Ke7 40.
Kf3 f5 41. e3 dxe3 42. fxe3 Bf6 43. h4 Be5 44. Rb1 h6 45. Rb6 Kf7 46. Rc6 Bf6
47. Rc7+ Ke6 48. Rh7 h5 49. Rb7 Be5 50. Rb6+ Kf7 51. Rc6 Bf6 52. e4 fxe4+ 53.
Kxe4 g5 54. hxg5 Bxg5 55. Kf5 1-0

[Event "Champ de Mars"]
[Site "Paris"]
[Date "2008.??.??"]
[Round "?"]
[White "Reizniece, Dana"]
[Black "Rudolf, Anna"]
[Result "1-0"]
[WhiteElo "2320"]
[BlackElo "2250"]
[PlyCount "107"]
[EventDate "2008.??.??"]
[EventType "swiss"]
[EventCountry "FRA"]

1. c4 e6 2. g3 d5 3. Bg2 Nf6 4. Nf3 Be7 5. O-O O-O 6. b3 c5 7. Bb2 Nc6 8. e3 b6
9. Nc3 Bb7 10. cxd5 exd5 11. d4 Qd7 12. Ne5 Qe6 13. Qd2 Rfd8 14. Ne2 Ne4 15.
Qd1 f6 16. Nxc6 Bxc6 17. f3 Nd6 18. Qd2 Nf5 19. Bc1 cxd4 20. exd4 Re8 21. Nf4
Qf7 22. Bb2 Bd6 23. Rfe1 Rxe1+ 24. Rxe1 Re8 25. Rxe8+ Qxe8 26. Kf2 Qe7 27. Bh3
Bxf4 28. Qxf4 Nd6 29. Ba3 Bb5 30. Qe3 Qxe3+ 31. Kxe3 Nf7 32. Be6 Bc6 33. Be7 h6
34. h4 g6 35. Bxf6 Kf8 36. g4 Nd6 37. Be5 Nf7 38. Bb8 a6 39. Bc7 b5 40. Bc8 Ke7
41. Bxa6 Kd7 42. Bf4 g5 43. hxg5 hxg5 44. Bg3 Nd8 45. f4 gxf4+ 46. Bxf4 Ne6 47.
Be5 Nc7 48. Bxc7 Kxc7 49. g5 Be8 50. Kf4 Kb6 51. Bc8 Kc7 52. Bf5 Bf7 53. g6 Bg8
54. Ke5 1-0

[Event "Champ de Mars"]
[Site "Paris"]
[Date "2008.??.??"]
[Round "?"]
[White "Rudolf, Anna"]
[Black "Guichard, Pauline"]
[Result "1/2-1/2"]
[WhiteElo "2250"]
[BlackElo "2280"]
[PlyCount "80"]
[EventDate "2008.??.??"]
[EventType "swiss"]
[EventCountry "FRA"]

1. e4 c5 2. Nf3 Nc6 3. Bb5 g6 4. O-O Bg7 5. Re1 Nf6 6. e5 Nd5 7. Nc3 Nc7 8.
Bxc6 dxc6 9. Ne4 b6 10. d3 Ne6 11. Bd2 O-O 12. Qc1 Nd4 13. Nxd4 cxd4 14. Bh6 c5
15. Qf4 Bb7 16. Qh4 f6 17. Re2 Bxe4 18. Rxe4 f5 19. Re2 Bxh6 20. Qxh6 e6 21. f4
b5 22. Rf1 c4 23. Rf3 Qe7 24. h4 Qg7 25. Qg5 Kh8 26. h5 gxh5 27. Rg3 Qxg5 28.
Rxg5 Rg8 29. Rxg8+ Kxg8 30. Kf2 Kf7 31. Rd2 cxd3 32. Rxd3 Rc8 33. Rxd4 Rxc2+
34. Kf3 Rxb2 35. Rd7+ Kg6 36. Rxa7 Rc2 37. Ra6 Kf7 38. Ra7+ Kg6 39. Ra6 Kf7 40.
Ra7+ Kg6 1/2-1/2

[Event "Champ de Mars"]
[Site "Paris"]
[Date "2008.??.??"]
[Round "?"]
[White "Rudolf, Anna"]
[Black "Milliet, Sophie"]
[Result "0-1"]
[WhiteElo "2250"]
[BlackElo "2360"]
[PlyCount "102"]
[EventDate "2008.??.??"]
[EventType "swiss"]
[EventCountry "FRA"]

1. e4 d6 2. d4 Nf6 3. Nc3 Nbd7 4. Nf3 e5 5. Bc4 Be7 6. O-O c6 7. a4 a5 8. Re1
O-O 9. b3 Nb6 10. Bf1 exd4 11. Nxd4 d5 12. e5 Ne8 13. Kh1 g6 14. Bb2 Ng7 15.
Qd2 Bb4 16. Red1 Qe7 17. Nf3 Bg4 18. Qd4 Bxf3 19. gxf3 Bc5 20. Qf4 Nh5 21. Qg4
Qxe5 22. Rab1 Bd6 23. Qg1 Qf5 24. Qg4 Qxc2 25. Nb5 Bf4 26. Nd4 Qxf2 27. Bg2
Rfe8 28. Nf5 Qc2 29. Nd4 Qc5 30. Bf1 Qe7 31. Qg2 Qg5 32. Qc2 Qh4 33. Rd2 Bxd2
34. Qxd2 Nd7 35. Bd3 Ndf6 36. Rg1 Qh3 37. Bf5 Qh4 38. Bd3 Qf4 39. Qg2 Re3 40.
Bb1 c5 41. Bc1 Qxd4 42. Bxe3 Qxe3 43. Qc2 Re8 44. Rf1 d4 45. Qxc5 d3 46. Qc4 d2
47. Bc2 Qe2 48. Qxe2 Rxe2 49. Rd1 Re1+ 50. Kg2 Nf4+ 51. Kf2 Ne6 0-1

[Event "Champ de Mars"]
[Site "Paris"]
[Date "2008.??.??"]
[Round "?"]
[White "Rudolf, Anna"]
[Black "Reizniece, Dana"]
[Result "1-0"]
[WhiteElo "2250"]
[BlackElo "2320"]
[PlyCount "91"]
[EventDate "2008.??.??"]
[EventType "swiss"]
[EventCountry "FRA"]

1. e4 d6 2. d4 Nf6 3. Nc3 g6 4. Nf3 Bg7 5. Be2 O-O 6. O-O c6 7. h3 Nbd7 8. e5
dxe5 9. dxe5 Nd5 10. Nxd5 cxd5 11. Bf4 e6 12. c4 dxc4 13. Bxc4 Nb6 14. Bb3 Bd7
15. Bg5 Qc8 16. Be7 Re8 17. Bd6 Bc6 18. Nd4 Bd5 19. Rc1 Qd8 20. Nb5 Qg5 21. Qg4
Qxg4 22. hxg4 Red8 23. Rfd1 Bh6 24. Rc7 Bc6 25. Nd4 Rac8 26. Rxc8 Rxc8 27. Nxe6
Ba4 28. Nc5 Bxb3 29. axb3 Bg5 30. Ne4 Bd8 31. Bb4 Bc7 32. Nf6+ Kg7 33. Bc3 Bd8
34. g5 Bxf6 35. gxf6+ Kf8 36. f4 Ke8 37. Kf2 Nd7 38. Ke3 Nc5 39. b4 Ne6 40. g4
Nc7 41. f5 gxf5 42. gxf5 Nb5 43. Rg1 Kd7 44. Rg7 Rf8 45. e6+ Kc6 46. Ke4 1-0

[Event "Champ de Mars"]
[Site "Paris"]
[Date "2008.??.??"]
[Round "1"]
[White "Milliet, Sophie"]
[Black "Reizniece, Dana"]
[Result "1/2-1/2"]
[WhiteElo "2360"]
[BlackElo "2320"]
[PlyCount "50"]
[EventDate "2008.??.??"]
[EventType "swiss"]
[EventCountry "FRA"]

1. e4 d6 2. d4 Nf6 3. Nc3 g6 4. Be3 c6 5. Nf3 Nbd7 6. Bd3 Qc7 7. O-O Bg7 8. Qd2
O-O 9. Bh6 e5 10. Bxg7 Kxg7 11. a4 Re8 12. Rfe1 Nh5 13. Ne2 b6 14. c3 Bb7 15.
Rad1 Rad8 16. Bc2 c5 17. d5 c4 18. g4 Nhf6 19. h3 Nc5 20. Ng3 a6 21. Nf5+ gxf5
22. Qg5+ Kf8 23. Qxf6 f4 24. Nh4 Kg8 25. Nf5 b5 1/2-1/2

[Event "Champ de Mars"]
[Site "Paris"]
[Date "2008.??.??"]
[Round "9"]
[White "Reizniece, Dana"]
[Black "Milliet, Sophie"]
[Result "1-0"]
[WhiteElo "2320"]
[BlackElo "2360"]
[PlyCount "64"]
[EventDate "2008.??.??"]
[EventType "swiss"]
[EventCountry "FRA"]

1. Nf3 d5 2. c4 c6 3. Qc2 Nf6 4. b3 g6 5. Bb2 Bg7 6. g3 O-O 7. Bg2 Bf5 8. d3 a5
9. Nbd2 a4 10. e4 axb3 11. axb3 dxe4 12. dxe4 Nxe4 13. Bxg7 Nxd2 14. Qc3 Ne4
15. Qb2 Re8 16. O-O f6 17. Bh6 Nc5 18. Be3 Nbd7 19. Nd4 Bd3 20. Rad1 e5 21. Nf3
Qe7 22. b4 e4 23. bxc5 exf3 24. Bxf3 Bxc4 25. Qxb7 Ne5 26. Bxc6 Nxc6 27. Qxc6
Be6 28. Qd6 Qxd6 29. cxd6 Rad8 30. Bb6 Rd7 31. Bc7 Kf7 32. Ra1 Bd5 1-0

[Event "Championnat de Ligue Individuel"]
[Site "Vendin les Bethune"]
[Date "2008.??.??"]
[Round "1.1"]
[White "Soyez, Cyril"]
[Black "Bougel, Claude"]
[Result "1-0"]
[WhiteElo "2244"]
[BlackElo "1821"]
[PlyCount "53"]
[EventDate "2008.??.??"]
[EventType "swiss"]
[EventRounds "7"]
[EventCountry "FRA"]

1. c4 e5 2. g3 d5 3. cxd5 Qxd5 4. Nf3 Nc6 5. Nc3 Qd8 6. Bg2 Nf6 7. O-O Bc5 8.
a3 a6 9. b4 Bb6 10. d3 h6 11. Bb2 O-O 12. Rc1 Re8 13. Na4 Bd4 14. Nxd4 exd4 15.
Nc5 Ne5 16. Nxb7 Bxb7 17. Bxb7 Ra7 18. Bg2 c6 19. h3 Re6 20. Re1 Qb6 21. Rc5
Qd8 22. e3 Nfd7 23. Rc2 dxe3 24. Rxe3 Rc7 25. d4 Nb6 26. Qe2 Nbc4 27. Rxc4 1-0

[Event "Championnat de Ligue Individuel"]
[Site "Vendin les Bethune"]
[Date "2010.??.??"]
[Round "5.1"]
[White "Soyez, Cyril"]
[Black "Bianchi, Guillaume"]
[Result "1/2-1/2"]
[WhiteElo "2244"]
[BlackElo "2202"]
[PlyCount "41"]
[EventDate "2008.??.??"]
[EventType "swiss"]
[EventRounds "7"]
[EventCountry "FRA"]

1. c4 e5 2. g3 Nf6 3. Bg2 d5 4. cxd5 Nxd5 5. Nc3 Nb6 6. Nf3 Nc6 7. O-O Be7 8.
a4 a5 9. d3 O-O 10. Be3 f6 11. Bxb6 cxb6 12. e3 Bc5 13. Qb3+ Kh8 14. Rfd1 Bg4
15. d4 exd4 16. Nb5 d3 17. Rxd3 Qe7 18. Nbd4 Ne5 19. Nxe5 fxe5 20. Nb5 Qf6 21.
Rd2 1/2-1/2

[Event "Championnat de Ligue Individuel"]
[Site "Vendin les Bethune"]
[Date "2010.??.??"]
[Round "5.6"]
[White "Zerbib, Claude"]
[Black "Eeckhout, Jean Louis"]
[Result "1-0"]
[WhiteElo "1879"]
[BlackElo "1786"]
[PlyCount "55"]
[EventDate "2008.??.??"]
[EventType "swiss"]
[EventRounds "7"]
[EventCountry "FRA"]

1. e4 c5 2. Nf3 d6 3. d4 cxd4 4. Nxd4 Nf6 5. Nc3 a6 6. f3 e6 7. Be3 b5 8. Qd2
Bb7 9. O-O-O Nbd7 10. g4 h6 11. h4 b4 12. Na4 Qa5 13. b3 Nc5 14. Nb2 Qxa2 15.
Qxb4 Qa1+ 16. Kd2 Qxb2 17. Bd3 a5 18. Qb5+ Nfd7 19. Ra1 Ba6 20. Qxa5 Nb7 21.
Qc7 d5 22. Bb5 Bb4+ 23. Ke2 Bxb5+ 24. Nxb5 Rxa1 25. Bd4 Bc3 26. Bxc3 Qxc2+ 27.
Ke3 d4+ 28. Nxd4 1-0